Detalles MARC
| 000 -CABECERA |
| Longitud fija campo de control |
01150nam a2200337Ic 4500 |
| 003 - • IDENTIFICADOR DELl NÚMERO DE CONTROL |
| Identificador del número de control |
CO-BoRNBP |
| 005 - • FECHA Y HORA DE LA ÚLTIMA TRANSACCIÓN |
| Fecha y hora de la última transacción |
20260317213624.0 |
| 007 - • CAMPO FIJO DE DESCRIPCIÓN FÍSICA |
| Campo fijo de descripción física |
ta |
| 008 - • CÓDIGOS DE INFORMACIÓN DE LONGITUD FIJA |
| Códigos de información de longitud fija |
141031s2008 sp a0 sga d s spa |
| 020 ## - • NÚMERO INTERNACIONAL NORMALIZADO PARA LIBROS |
| Número Internacional Normalizado para Libros (ISBN) |
9788496388789 |
| 040 ## - FUENTE DE LA CATALOGACIÓN |
| Centro catalogador de origen |
CO-BoRNBP |
| Lengua de catalogación |
spa |
| Normas de descripción |
rda |
| Centro transcriptor |
CO-BoRNBP |
| 041 ## - • CÓDIGO DE LENGUA |
| Código de lengua del texto/banda sonora o título independiente |
spa |
| 084 ## - • Clasificación Local Alfanúmerica PNLB |
| Número de clasificación |
A |
| 100 10 - • PUNTO DE ACCESO PRINCIPAL-NOMBRE DE PERSONA |
| Nombre de persona |
Wiesmüller, Dieter, |
| Fechas asociadas al nombre |
1950- |
| Término indicativo de función |
aut |
| 245 10 - • TITULO PROPIAMENTE DICHO |
| Título |
Miradas / |
| Mención de responsabilidad, etc. |
texto e ilustraciones Dieter Wiesmüller ; traducción Ignasi Centelles y María José Martín. |
| 250 ## - • MENCIÓN DE EDICIÓN |
| Mención de edición |
Primera edición |
| 264 #1 - PRODUCCIÓN, PUBLICACIÓN , DISTRIBUCIÓN, FABRICACIÓN Y COPYRIGHT |
| Lugar de producción, publicación, distribución, fabricación |
Sevilla, España : |
| Nombre del productor, editor, distribuidor, fabricante |
Kalandraka, |
| Fecha de de producción, publicación, distribución, fabricación o copyright |
2008 |
| 300 ## - • DESCRIPCIÓN FÍSICA |
| Extensión |
25 páginas : |
| Otras características físicas |
ilustraciones a color |
| 336 ## - TIPO DE CONTENIDO |
| Término de tipo de contenido |
texto |
| Código de tipo de contenido |
txt |
| Fuente |
rdacontent |
| 337 ## - TIPO DE MEDIO |
| Nombre del tipo de medio |
sin mediación |
| Código del tipo de medio |
n |
| Fuente |
rdamedia |
| 338 ## - TIPO DE SOPORTE |
| Nombre del tipo de soporte |
volumen |
| Código del tipo de soporte |
nc |
| Fuente |
rdacarrier |
| 650 07 - • PUNTO DE ACCESO ADICIONAL DE MATERIA - TÉRMINO DE MATERIA |
| Término de materia o nombre geográfico como elemento inicial |
Álbumes infantiles alemanes |
| Subdivisión cronológica |
Siglo XX |
| Fuente del encabezamiento o término |
rnbp |
| 650 17 - • PUNTO DE ACCESO ADICIONAL DE MATERIA - TÉRMINO DE MATERIA |
| Término de materia o nombre geográfico como elemento inicial |
Libros ilustrados para niños |
| Fuente del encabezamiento o término |
rnbp |
| 650 17 - • PUNTO DE ACCESO ADICIONAL DE MATERIA - TÉRMINO DE MATERIA |
| Término de materia o nombre geográfico como elemento inicial |
Literatura infantil alemana |
| Fuente del encabezamiento o término |
rnbp |
| 650 17 - • PUNTO DE ACCESO ADICIONAL DE MATERIA - TÉRMINO DE MATERIA |
| Término de materia o nombre geográfico como elemento inicial |
Ojos |
| Subdivisión de forma |
Álbum infantil |
| Fuente del encabezamiento o término |
lemb |
| 650 17 - • PUNTO DE ACCESO ADICIONAL DE MATERIA - TÉRMINO DE MATERIA |
| Término de materia o nombre geográfico como elemento inicial |
Animales |
| Subdivisión de forma |
Álbum infantil |
| Fuente del encabezamiento o término |
lemb |
| 700 10 - • PUNTO DE ACCESO ADICIONAL - NOMBRE DE PERSONA |
| Nombre de persona |
Centelles, Ignasi |
| Término indicativo de función |
trl |
| 700 10 - • PUNTO DE ACCESO ADICIONAL - NOMBRE DE PERSONA |
| Nombre de persona |
Martín, José María |
| Término indicativo de función |
trl |
| 942 ## - ENTRADA DE ELEMENTOS AGREGADOS (KOHA) |
| Fuente de clasificaión o esquema |
|
| Koha [por defecto] tipo de item |
Libro Infantil |